000 00589nam a22001937a 4500
005 20251108170930.0
008 250721s9999 xx 000 0 ara d
082 1 4 _aط/551.42/سلق
100 1 _aسلق، أحمد
_eمعد
245 1 0 _aالمد و الجزر /
264 1 _aبيروت :
_bدار الشرق العربي،
_c[19].
300 _a8ص.
490 0 _aعجائب البحار و المحيطات
650 1 7 _aالجزر
653 _aاطفال مرحلة متوسطة (6-9) سنوات
700 1 _aسلق، هيثم
_eمعد
942 _2ddc
_cBK
999 _c52429
_d52429